Catálogo de la Biblioteca Horacio González - Universidad Nacional de General Sarmiento

Scipione el africano (Registro nro. 54755)

Detalles MARC
000 -CABECERA
campo de control de longitud fija 00851ngm a22002770a 4500
001 - NÚMERO DE CONTROL
campo de control PT25726
003 - IDENTIFICADOR DEL NÚMERO DE CONTROL
campo de control AR-LpoUNG
005 - FECHA Y HORA DE LA ÚLTIMA TRANSACCIÓN
campo de control 20210202000405.0
007 - CAMPO FIJO DE DESCRIPCIÓN FÍSICA--INFORMACIÓN GENERAL
campo de control de longitud fija vd cvaizq
008 - DATOS DE LONGITUD FIJA--INFORMACIÓN GENERAL
campo de control de longitud fija 191001s1937||||it |||||||||||||||||ita d
040 ## - FUENTE DE LA CATALOGACIÓN
Centro catalogador/agencia de origen AR-LpoUNG
Lengua de catalogación spa
Centro/agencia transcriptor AR-LpoUNG
Normas de descripción aacr
041 ## - CÓDIGO DE LENGUA
Código de lengua del texto/banda sonora o título independiente ita
044 ## - CÓDIGO DEL PAÍS DE LA ENTIDAD EDITORA/PRODUCTORA
Código MARC del país it
082 0# - NÚMERO DE LA CLASIFICACIÓN DECIMAL DEWEY
Número de clasificación 320.53 172esc
100 1# - ENTRADA PRINCIPAL--NOMBRE DE PERSONA
Nombre de persona Gallone, Carmine
Término indicativo de función/relación dir.
245 10 - MENCIÓN DE TÍTULO
Título Scipione el africano
260 ## - PUBLICACIÓN, DISTRIBUCIÓN, ETC.
Lugar de publicación, distribución, etc. s.l. :
Nombre del editor, distribuidor, etc. s.n.,
Fecha de publicación, distribución, etc. [1937].
300 ## - DESCRIPCIÓN FÍSICA
Extensión DVD (83 min.) : son., byn
505 0# - NOTA DE CONTENIDO CON FORMATO
Nota de contenido con formato Diálogos en italiano, subtítulos en español. Hecha en 1937
520 ## - SUMARIO, ETC.
Sumario, etc. Película histórica de intenciones propagandísticas, que evocan valores reivindicados por el fascismo, y son una apología del nacionalismo expansionista.
653 ## - TÉRMINO DE INDIZACIÓN--NO CONTROLADO
Término no controlado CINE Y TOTALITARISMO
653 ## - TÉRMINO DE INDIZACIÓN--NO CONTROLADO
Término no controlado DVD
653 ## - TÉRMINO DE INDIZACIÓN--NO CONTROLADO
Término no controlado VIDEOS
905 ## - ELEMENTOS DE DATOS E LOCAL, LDE (RLIN)
a 25726
942 ## - ELEMENTOS DE PUNTO DE ACCESO ADICIONAL (KOHA)
Tipo de ítem Koha DVD
Existencias
Estado de retiro Estado de pérdida Fuente del sistema de clasificación o colocación Estado dañado No para préstamo Código de colección Localización permanente Ubicación/localización actual Fecha de adquisición Total de préstamos Signatura topográfica completa Código de barras Fecha visto por última vez Precio válido a partir de Tipo de ítem Koha
    Dewey Decimal Classification     Colección Cine Biblioteca Universidad Nacional de General Sarmiento Biblioteca Universidad Nacional de General Sarmiento 02/02/2021   320.53 172esc 00024974 02/02/2021 02/02/2021 DVD
          Colección Cine Biblioteca Universidad Nacional de General Sarmiento Biblioteca Universidad Nacional de General Sarmiento 02/02/2021   320.53 172esc 00025026 02/02/2021 02/02/2021 DVD